000 00545nam a2200193Ia 4500
001 6868
008 140320s9999 xx 000 0 und d
020 _a0-8058-1240-7
040 _cPK-LaUMT
082 _a 519.535
_bBAK-U
100 _aBakeman, Roger
245 _aUnderstanding log-linear analysis with ilog:
_ban interactive.
_cBakeman, Roger<>Robinson, Byron F., Jt. Auth.
260 _c1994.
300 _a139 p.
546 _aEN
650 _aLog-linear models-data processing
700 _aRobinson, Byron F., Jt. Auth.
942 _cBK
999 _c8373
_d8373